مدخل إلى علم السياسة / (رقم التسجيلة. 120139)

تفاصيل مارك
000 -الفاتح
عناصر البيانات ثابتة الطول 00821cam a2200217 i 4500
005 - تاريخ ووقت آخر معاملة
حقل ضبط 20260115092841.0
008 - عناصر البيانات ثابتة الطول
عناصر البيانات ثابتة الطول 250721s2010 JO gr 000 0 ara d
020 ## - الترقيم الدولي المعياري للكتب (ردمك)
الترقيم الدولي المعياري للكتب (ردمك) 9789957416517
082 14 - رقم تصنيف ديوي العشري
رقم التصنيف 320
رقم المادة ن و ف
100 1# - مدخل رئيسي – اسم شخصي
الاسم الشخصي نوفل، أحمد سعيد
علاقة الشخص بالعمل/ دوره مؤلف
245 31 - بيان العنوان
العنوان مدخل إلى علم السياسة /
بيان المسؤولية أ.د. احمد سعيد نوفل، أ.د. محمد صفي الدين خربوش، أ.دجلال معوض
250 ## - بيان الطبعة
بيان الطبعة الطبعة الاولى،
264 1# - بيانات النشر، التوزيع…إلخ
مكان النشر، التوزيع...إلخ عمان :
اسم الناشر، الموزع...إلخ المركز العلمي للدراسات السياسية،
تاريخ النشر، التوزيع...إلخ 2010.
300 ## - الوصف المادي
عدد الوحدات المكونة للوعاء 379صفحة.
650 17 - مدخل إضافي بالموضوع - مصطلح موضوعي
مصطلح موضوعي أو اسم جغرافي كعنصر مدخل العلوم
650 17 - مدخل إضافي بالموضوع - مصطلح موضوعي
مصطلح موضوعي أو اسم جغرافي كعنصر مدخل السياسة
700 1# - مدخل إضافي - اسم شخصي
الاسم الشخصي خربوش، محمد صفي الدين
علاقة الشخص بالعمل/ دوره مؤلف.
700 1# - مدخل إضافي - اسم شخصي
الاسم الشخصي معوض، جلال
علاقة الشخص بالعمل/ دوره مؤلف.
942 ## - بيانات إضافية (كوها)
نوع التنصيف Dewey Decimal Classification
نوع المادة (كوها) كتب
المقتنيات
حالة السحب حالة الفقدان مصدر التصنيف حالة التلف غير قابل للإعارة المكتبة الرئيسية المكتبة الحالية موقع الرف تاريخ التزويد الرقم المتسلسل Total Checkouts رقم الإستدعاء الباركود تاريخ آخر ظهور تاريخ الفاتورة نوع المادة (كوها)
    Dewey Decimal Classification     المكتبة المركزية المكتبة المركزية الإعارة 28/07/2025 1369176   320 / ن و ف PLD00147060 28/07/2025 28/07/2025 كتب
    Dewey Decimal Classification     المكتبة المركزية المكتبة المركزية مقتنيات قسم التزويد 28/07/2025 1369178   320/نوف   28/07/2025 28/07/2025 كتب
    Dewey Decimal Classification     المكتبة المركزية المكتبة المركزية مقتنيات قسم التزويد 28/07/2025 1369179   320/نوف   28/07/2025 28/07/2025 كتب
    Dewey Decimal Classification     المكتبة المركزية المكتبة المركزية مقتنيات قسم التزويد 28/07/2025 1369180   320/نوف   28/07/2025 28/07/2025 كتب
    Dewey Decimal Classification     المكتبة المركزية المكتبة المركزية مقتنيات قسم التزويد 28/07/2025 1483472   320/نوف   28/07/2025 28/07/2025 كتب
    Dewey Decimal Classification     مكتبة أبو علندا العامة مكتبة أبو علندا العامة الإعارة 12/05/2010 1369184   320/نوف PLD00147087 28/07/2025 12/05/2010 كتب
    Dewey Decimal Classification     مكتبة أم قصير والمقابلين العامة مكتبة أم قصير والمقابلين العامة الإعارة 12/05/2010 1369191   320/نوف PLD00147094 28/07/2025 12/05/2010 كتب
    Dewey Decimal Classification     مكتبة الأميرة ايمان العامة مكتبة الأميرة ايمان العامة الإعارة 12/05/2010 1369185   320/نوف PLD00147088 28/07/2025 12/05/2010 كتب
    Dewey Decimal Classification     مكتبة الاميرة بديعة مكتبة الاميرة بديعة الإعارة 12/05/2010 1369186   320/نوف PLD00147089 28/07/2025 12/05/2010 كتب
    Dewey Decimal Classification     مكتبة الجويدة مكتبة الجويدة الإعارة 12/05/2010 1369187   320/نوف PLD00147090 28/07/2025 12/05/2010 كتب
    Dewey Decimal Classification     مكتبة النصر العامة مكتبة النصر العامة الإعارة 12/05/2010 1369189   320/نوف PLD00147092 28/07/2025 12/05/2010 كتب
    Dewey Decimal Classification     مكتبة حمزة العامة مكتبة حمزة العامة الإعارة 12/05/2010 1369194   320/نوف PLD00147097 28/07/2025 12/05/2010 كتب
    Dewey Decimal Classification     مكتبة عدن للأطفال مكتبة عدن للأطفال الإعارة 16/02/2025 1793099   320/نوف PLD00515634 28/07/2025 16/02/2025 كتب
    Dewey Decimal Classification     مكتبة وادي السير العامة مكتبة وادي السير العامة الإعارة 12/05/2010 1369195   320/نوف PLD00147098 28/07/2025 12/05/2010 كتب
    Dewey Decimal Classification     مكتبة ومركز فرح مكتبة ومركز فرح الإعارة 12/05/2010 1369198   320/نوف PLD00147101 28/07/2025 12/05/2010 كتب
Implemented & Customized by: BBB with SCIT (Smart Chains for Information Technology)

Powered by Koha